ბათუმის შოთა რუსთაველის სახელმწიფო უნივერსიტეტის ბიბლიოთეკა

საქართველოს სახელმწიფო მოწყობის საფუძვლები : (ბიბ.ჩანაწერი № 57338)

000 -ლიდერი
ფიქსირებული სიგრძის საკონტროლო ველი 01246nam a22002177a 4500
003 - საკონტროლო ნომრის იდენტიფიკატორი
საკონტროლო ველი Ge_BSU
005 - ბოლო ოპერაციის თარიღი და დრო
საკონტროლო ველი 20200525150644.0
008 - ფიქსირებული სიგრძის მონაცემთა ელემენტები - ზოგადი ინფორმაცია
ფიქსირებული სიგრძის საკონტროლო ველი 200525s2018ge xxu||||| |||| 00| 0 geo d
020 ## - წიგნის საერთაშორისო სტანდარტული ნომერი
International Standard Book Number 9789941473739
041 ## - ენის კოდი
Language code of text/sound track or separate title geo
080 ## - უნივერსალური ათობითი კლასიფიკაციის ინდექსი
Universal Decimal Classification number 321(479.22) + 328(479.22) ც-64
100 ## - მთავარი ჩანაწერი - პიროვნების სახელი
Personal name ფირცხალაშვილი, ანა,
9 (RLIN) 8126
245 ## - ცნობა სათაურის შესახებ
Title საქართველოს სახელმწიფო მოწყობის საფუძვლები :
Remainder of title (პრაქტიკული სახელმძღვანელო) /
Statement of responsibility, etc ანა ფირცხალაშვილი ; გიორგი მირიანაშვილი ; რედ. მალხაზ ბეგიაშვილი.
264 ## - წარმოების, გამოცემის, დისტრიბუციის და სხვა ცნობები
გამოცემის, წარმოების, დისტრიბუციის... ადგილი თბილისი :
გამოცემის, წარმოების, დისტრიბუციის... სახელწოდება მწიგნობარი,
გამოცემის, წარმოების, დისტრიბუციის... თარიღი 2018.
300 ## - ფიზიკური აღწერა
Extent 232 გვ. ;
Dimensions 20 სმ.
653 ## - INDEX TERM--UNCONTROLLED
Uncontrolled term საქართველოს სახელმწიფო მოწყობა.
653 ## - INDEX TERM--UNCONTROLLED
Uncontrolled term საქართველოს პარლამენტი
700 ## - ADDED ENTRY--PERSONAL NAME
Personal name მირიანაშვილი, გიორგი
9 (RLIN) 8196
700 ## - ADDED ENTRY--PERSONAL NAME
Personal name ბეგიაშვილი, მალხაზ
Relator term რედაქტორი
9 (RLIN) 6983
942 ## - ADDED ENTRY ELEMENTS (KOHA)
Source of classification or shelving scheme
Koha item type წიგნი
ეგზემპლარები
ჩამოწერის სტატუსი დაკარგული ეგზემპლარის სტატუსი კლასიფიკაციის წყარო ან თაროზე გაწყობის სქემა დაზიანების სტატუსი არ გაიცემა მუდმივი მდებარეობა (დაცვის ადგილი) ამჟამინდელი ადგილსამყოფელი თაროზე განთავსების ადგილი შეძენის თარიღი ღირებულება, შესყიდვის ნორმალური ფასი სრული შენახვის შიფრი შტრიხკოდი ბოლო ოპერაციის თარიღი ეგზემპლარის მიმდევრობითი ნომერი (კეტერი?) ფასის ძალაში შესვლის თარიღი ეგზემპლარის სახეობა საჯარო შენიშვნა
          ბათუმის შოთა რუსთაველის სახელმწიფო უნივერსიტეტის მთავარი ბიბლიოთეკა ბათუმის შოთა რუსთაველის სახელმწიფო უნივერსიტეტის მთავარი ბიბლიოთეკა წიგნსაცავი 2020-05-25 13.00 321(479.22) + 328(479.22) ფ-64 60505 2020-05-25 60505 2020-05-25 წიგნი 13ლ. 20თ.
          ბათუმის შოთა რუსთაველის სახელმწიფო უნივერსიტეტის მთავარი ბიბლიოთეკა ბათუმის შოთა რუსთაველის სახელმწიფო უნივერსიტეტის მთავარი ბიბლიოთეკა წიგნსაცავი 2020-08-24 21.00 321(479.22) + 328(479.22) ფ -64 60915 2020-08-24 60915 2020-08-24 წიგნი 21.00